000 00665nam a2200241Ia 4500
003 OSt
005 20220924122736.0
006 a|||||r|||| 00| 0
007 ta
008 220923b |||||||| |||| 00| 0 per d
024 _a325279
037 _cTextual
040 _aARTS
_cARTS
_bper
041 _2per
_aper
082 _aDelta73x, 164L6
100 _aQalander Shah Turab Ali Au.
_9190550
245 0 _aShareit-ul-wasait
260 _aLucknow
_bMuhammad Alvi India
_c1976
300 _a132p.
_ccm.
650 _aSPIRurdALISM
942 _hDelta73x, 164L6
_cTEXL
_2CC
999 _c412900
_d412900